El Joc de l'amor i de l'atzar / Pierre de Marivaux ; traducció i pròleg de Jordi Teixidor
Descripción Física:
79 p. ; 17 cm
Otros Autores:
Teixidor, Jordi, 1939-2011
MARC
| LEADER | 00000nam a2200000Ia 4500 | ||
|---|---|---|---|
| 001 | 10456 | ||
| 008 | 160829s1993 xx 000 0 cat d | ||
| 080 | |a L-1-178 | ||
| 100 | |a Marivaux, Pierre Carlet de Chamblain de |9 27828 |e autor | ||
| 245 | |a El Joc de l'amor i de l'atzar / Pierre de Marivaux ; traducció i pròleg de Jordi Teixidor | ||
| 260 | |a Barcelona : |b Institut del Teatre, Diputació de Barcelona, |c 1993 | ||
| 300 | |a 79 p. ; |c 17 cm | ||
| 490 | |a Col·lecció popular de teatre clàssic universal ; 37 | ||
| 700 | 1 | |a Teixidor, Jordi, |d 1939-2011 |e traductor |9 19924 | |
| 710 | 1 | |a Institut del Teatre (Barcelona, Catalunya) |9 52662 | |
| 901 | |a Arxiu | ||
| 942 | |n 1 |2 udc | ||
| 952 | |0 0 |1 0 |4 0 |6 L1178 |7 1 |9 47567 |a Arxiu |b Arxiu |d 2016-12-01 |l 0 |o L-1-178 |p 10456 |r 2016-12-01 00:00:00 |w 2016-12-01 |y ARXIU | ||
| 999 | |c 51366 |d 51366 | ||